|
|
|
|
| LEADER |
00000cam a2200000 7i4500 |
| 001 |
0000024785 |
| 005 |
20130320.0 |
| 008 |
140313 my a |
| 020 |
|
|
|a 9789835207648 ,
|c RM40.00
|
| 040 |
|
|
|a INS
|
| 090 |
0 |
0 |
|a ZA3075
|b J83 2010
|
| 100 |
0 |
|
|a Juhana Salim..
|
| 245 |
1 |
0 |
|a Kemahiran maklumat :
|b teori & amalan
|c Juhana Salim,Junaidah Mohamed Kassim dan Azizah Jaafar
|
| 260 |
|
|
|a Johor Bahru :
|b Universiti Teknologi Malaysia ,
|c 2010
|
| 300 |
|
|
|a xii,24cm :
|b il ;
|c 21cm.
|
| 500 |
|
|
|a Mengandungi indeks
|
| 650 |
|
0 |
|a Information literacy
|
| 650 |
|
0 |
|a Information technology
|x Management
|
| 650 |
|
0 |
|a Knowlwdge management
|
| 700 |
1 |
|
|a Azizah Jaafar
|
| 700 |
1 |
|
|a Junaidah Mohamed
|
| 999 |
|
|
|a 1000001065
|b BOOK
|c Open Shelf
|e Default branch
|